[Event "COL-ch U10"]
[Site "Fusagasuga"]
[Date "2019.06.30"]
[Round "7"]
[White "Roldan Cortes, David"]
[Black "Lopez, Ricardo Andres"]
[Result "0-1"]
[WhiteElo "1215"]
[BlackElo "1421"]
[PlyCount "116"]
[EventDate "2019.06.26"]
[EventType "tourn"]
[EventRounds "9"]
[EventCountry "COL"]
[SourceTitle "CBM 191 Extra"]
[Source "ChessBase"]
[SourceDate "2019.09.30"]
[SourceVersion "1"]
[SourceVersionDate "2019.09.30"]
[SourceQuality "1"]

1. e4 c5 2. Nf3 d6 3. d4 cxd4 4. Nxd4 Nf6 5. Nc3 a6 6. Be3 e5 7. Nb3 Be6 8. Qd2 Be7 9. Be2 0-0 10. 0-0 Nbd7 11. f4 exf4 12. Bxf4 Ne5 13. Rad1 Qd7 14. Qe1 Qc6 15. Qg3 Nxe4 16. Nxe4 Qxe4 17. Bd3 Nxd3 18. Rxd3 Rac8 19. c3 d5 20. Nd4 Bc5 21. Kh1 Bxd4 22. Rxd4 Qg6 23. Qf3 Rfe8 24. Bc1 Bd7 25. Qxd5 Bc6 26. Qg5 Qxg5 27. Bxg5 Re2 28. Rd2 Bxg2+ 29. Kg1 Bxf1 30. Kxf1 Rxd2 31. Bxd2 f5 32. Kf2 Rc4 33. b3 Rg4 34. Be3 f4 35. Bd4 Rh4 36. Be5 Rxh2+ 37. Kf3 Rxa2 38. Kxf4 b5 39. c4 bxc4 40. bxc4 Ra4 41. Ke3 Rxc4 42. Kd3 Rg4 43. Bd4 Rxd4+ 44. Kxd4 h5 45. Ke4 a5 46. Kf4 a4 47. Kg5 a3 48. Kxh5 a2 49. Kg5 a1Q 50. Kf5 Qd4 51. Kg6 Qf4 52. Kh5 g5 53. Kg6 g4 54. Kh5 g3 55. Kg6 g2 56. Kh5 Kf8 57. Kg6 g1Q+ 58. Kh5 Qfh2# 0-1

[Event "COL-ch U10"]
[Site "Fusagasuga"]
[Date "2019.06.29"]
[Round "6"]
[White "Borre Meza, Orlando David"]
[Black "Roldan Cortes, David"]
[Result "1-0"]
[WhiteElo "1058"]
[BlackElo "1215"]
[PlyCount "123"]
[EventDate "2019.06.26"]
[EventType "tourn"]
[EventRounds "9"]
[EventCountry "COL"]
[SourceTitle "CBM 191 Extra"]
[Source "ChessBase"]
[SourceDate "2019.09.30"]
[SourceVersion "1"]
[SourceVersionDate "2019.09.30"]
[SourceQuality "1"]

1. d4 Nf6 2. c4 g6 3. Nc3 Bg7 4. e4 d6 5. f3 0-0 6. Bd3 e5 7. d5 Ne8 8. Be3 f5 9. Nge2 f4 10. Bf2 g5 11. h3 Qf6 12. 0-0 h5 13. Nc1 Qh6 14. Be2 Kf7 15. Nb3 Rh8 16. h4 Bf6 17. Qe1 Qg6 18. Kh2 g4 19. fxg4 hxg4 20. g3 Bxh4 21. gxh4 g3+ 22. Bxg3 Rg8 23. Rf3 Ke7 24. Qg1 fxg3+ 25. Rxg3 Qxg3+ 26. Qxg3 Rxg3 27. Kxg3 Nf6 28. h5 Bd7 29. Rh1 Na6 30. a3 Rg8+ 31. Kf2 Rh8 32. Kg3 Be8 33. h6 Ng8 34. h7 Nf6 35. Bg4 Bg6 36. Bf5 Bxf5 37. exf5 Rxh7 38. Rxh7+ Nxh7 39. Ne4 Nf6 40. Nxf6 Kxf6 41. Kg4 Nb8 42. Nd2 c6 43. Ne4+ Ke7 44. Kg5 cxd5 45. cxd5 Nd7 46. f6+ Kf7 47. Nxd6+ Kf8 48. Kf5 a6 49. Ke6 b5 50. Kxd7 b4 51. axb4 a5 52. bxa5 e4 53. a6 e3 54. a7 Kg8 55. a8Q+ Kh7 56. Qf8 Kg6 57. Qe8+ Kg5 58. Qxe3+ Kg4 59. f7 Kh5 60. f8R Kg4 61. Qg1+ Kh5 62. Rh8# 1-0

[Event "COL-ch U10"]
[Site "Fusagasuga"]
[Date "2019.06.27"]
[Round "2"]
[White "Guerrero Ortega, Johan Nicolas"]
[Black "Roldan Cortes, David"]
[Result "1-0"]
[WhiteElo "1083"]
[BlackElo "1215"]
[PlyCount "113"]
[EventDate "2019.06.26"]
[EventType "tourn"]
[EventRounds "9"]
[EventCountry "COL"]
[SourceTitle "CBM 191 Extra"]
[Source "ChessBase"]
[SourceDate "2019.09.30"]
[SourceVersion "1"]
[SourceVersionDate "2019.09.30"]
[SourceQuality "1"]

1. d4 Nf6 2. c4 g6 3. Nc3 Bg7 4. e4 d6 5. Be2 0-0 6. Bg5 e5 7. dxe5 dxe5 8. Qxd8 Rxd8 9. Nd5 Nbd7 10. Rd1 h6 11. Nxf6+ Kf8 12. Nh7+ Ke8 13. Bxd8 Kxd8 14. g4 Ke7 15. g5 Nc5 16. Bf3 Be6 17. b3 Rh8 18. Nf6 hxg5 19. Nd5+ Kf8 20. Nxc7 Rh4 21. Nxe6+ fxe6 22. Ne2 Ke7 23. Ng3 Rf4 24. Ke2 g4 25. Bg2 Bf8 26. h3 Ke8 27. hxg4 Rxg4 28. Rh8 Ke7 29. b4 Na6 30. Rh7+ Ke8 31. Rxb7 Nxb4 32. Rb1 Nxa2 33. Rb8+ Kd7 34. Rxf8 Nc3+ 35. Kf3 Rf4+ 36. Rxf4 exf4 37. Rb7+ Kc6 38. Rxa7 fxg3 39. fxg3 e5 40. Ra6+ Kc5 41. Rxg6 Kxc4 42. Rc6+ Kd4 43. Rxc3 Kxc3 44. g4 Kd4 45. g5 Kd3 46. g6 Kc3 47. g7 Kd3 48. g8Q Kd4 49. Qd5+ Kc3 50. Bf1 Kc2 51. Qd3+ Kb2 52. Be2 Ka1 53. Bd1 Kb2 54. Qb3+ Ka1 55. Qb4 Ka2 56. Bc2 Ka1 57. Qa3# 1-0

[Event "Pan American-ch U08"]
[Site "San Jose"]
[Date "2017.07.02"]
[Round "3"]
[White "Roldan Cortes, David"]
[Black "Prestia, Sebastian"]
[Result "0-1"]
[WhiteElo "1238"]
[BlackElo "1548"]
[PlyCount "92"]
[EventDate "2017.07.01"]
[EventType "swiss"]
[EventRounds "9"]
[EventCountry "CRI"]
[SourceTitle "EXT 2022"]
[Source "ChessBase"]
[SourceDate "2021.10.06"]
[SourceVersion "1"]
[SourceVersionDate "2021.10.06"]
[SourceQuality "1"]

1. e4 d5 2. exd5 Nf6 3. d4 Bg4 4. f3 Bf5 5. Bb5+ Nbd7 6. Bf4 Nxd5 7. Bd2 c6 8. Bc4 e6 9. Nc3 Qb6 10. Bxd5 cxd5 11. Bf4 Qxb2 12. Nge2 Bb4 13. Bd2 Bxc2 14. Qc1 Bxc3 15. Bxc3 Qxc1+ 16. Rxc1 Bg6 17. 0-0 Bd3 18. Rfe1 Bxe2 19. Rxe2 Nb6 20. Ba5 Nc4 21. Bc7 Kd7 22. Bf4 g6 23. Rb1 b6 24. Rc2 Rhc8 25. Kf2 Na3 26. Rxc8 Rxc8 27. Bd2 Nxb1 28. Bb4 Rc2+ 29. Ke3 Rxg2 30. a4 Rxh2 31. Kd3 h5 32. Ke3 h4 33. Kf4 Rg2 34. Be1 h3 35. Bg3 h2 36. Bxh2 Rxh2 37. Ke5 Nc3 38. Kf4 Nxa4 39. Ke3 Rh3 40. Kd2 Rxf3 41. Ke2 Rf4 42. Ke3 Re4+ 43. Kd3 g5 44. Kc2 Rxd4 45. Kb3 g4 46. Kc2 g3 0-1

[Event "COL-ch Amateur U1700"]
[Site "Bogota"]
[Date "2017.03.04"]
[Round "5"]
[White "Pineda Ramirez, Esteban"]
[Black "Roldan Cortes, David"]
[Result "1-0"]
[WhiteElo "1558"]
[BlackElo "1301"]
[PlyCount "20"]
[EventDate "2017.03.02"]
[EventType "swiss"]
[EventRounds "7"]
[EventCountry "COL"]
[SourceTitle "CBM 177 Extra"]
[Source "ChessBase"]
[SourceDate "2017.04.27"]
[SourceVersion "1"]
[SourceVersionDate "2017.04.27"]
[SourceQuality "1"]

1. e4 e5 2. Nf3 f5 3. Nxe5 Qf6 4. d4 d6 5. Nf3 fxe4 6. Ng5 Bf5 7. Bc4 Ne7 8. f3 Qg6 9. Bf7+ Qxf7 10. Nxf7 Kxf7 1-0